[Event "Championnat de France - Open C"]
[Site "Aix-les-Bains"]
[Date "????.??.??"]
[Round "6.7"]
[White "Vinogradov, Dimitri"]
[Black "Chazeau, Laineur-Lothaire"]
[Result "1-0"]
[WhiteElo "1740"]
[BlackElo "1660"]
[PlyCount "93"]

1. e4 e5 2. Nf3 Nc6 3. Bb5 d6 4. O-O Nf6 5. Re1 Be7 6. c3 a6 7. Ba4 Bg4 8. h3
Bh5 9. g4 Bg6 10. Bc2 Qd7 11. d4 h5 12. Nh2 hxg4 13. hxg4 Rh4 14. f3 O-O-O 15.
d5 Na7 16. Be3 Rdh8 17. Re2 Kb8 18. Nd2 Nh7 19. Ndf1 Ng5 20. Rg2 Nh3+ 21. Kh1
Bg5 22. Bxg5 Nxg5 23. a4 Nh3 24. b4 Nf4 25. Rg3 Qd8 26. b5 a5 27. b6 cxb6 28.
Rb1 Qc7 29. Qd2 Qc5 30. Re1 Nc8 31. Qe3 Qxe3 32. Rxe3 Nxd5 33. Re2 Nxc3 34. Rd2
Na2 35. Ne3 Nb4 36. Bb3 Nd3 37. Nf5 Bxf5 38. gxf5 Nc5 39. Bxf7 Nxa4 40. Rxg7
R4h7 41. f6 Rh6 42. Be6 Nc5 43. f7 Rf8 44. Rg8 Rh8 45. Rdg2 Ne7 46. Rxh8 Rxh8
47. Rg8+ 1-0

[Event "Championnat de France - Open C"]
[Site "Aix-les-Bains"]
[Date "????.??.??"]
[Round "6.8"]
[White "Houdeyer, Hendricks"]
[Black "Raggini, Bernard"]
[Result "1-0"]
[WhiteElo "1660"]
[BlackElo "1736"]
[PlyCount "53"]

1. e4 e6 2. d4 d5 3. exd5 exd5 4. Bd3 Nf6 5. Nc3 Bg4 6. f3 Be6 7. Be3 Be7 8.
Nge2 Nc6 9. a3 O-O 10. Qd2 a6 11. h4 b5 12. g4 b4 13. axb4 Nxb4 14. h5 Nxd3+
15. Qxd3 Nd7 16. Rxa6 Bh4+ 17. Bf2 Be7 18. Nf4 Qc8 19. Rxa8 Qxa8 20. O-O Qb8
21. Nfxd5 Bd6 22. b3 c6 23. Ne3 g6 24. Kg2 Qd8 25. Rh1 Qg5 26. Ne4 Qd8 27. Nxd6
1-0

[Event "Championnat de France - Open C"]
[Site "Aix-les-Bains"]
[Date "????.??.??"]
[Round "6.9"]
[White "Belhachemi, Loic"]
[Black "Pierrot, Philippe"]
[Result "1/2-1/2"]
[WhiteElo "1800"]
[BlackElo "1740"]
[PlyCount "42"]

1. e4 d6 2. d4 Nf6 3. Nc3 g6 4. Be3 Bg7 5. Nf3 O-O 6. Qd2 c6 7. Bh6 b5 8. Bxg7
Kxg7 9. Bd3 a5 10. h4 h5 11. Nh2 b4 12. Ne2 e5 13. dxe5 dxe5 14. Qg5 Ng4 15.
Qxd8 Rxd8 16. Nxg4 Bxg4 17. f3 Be6 18. Kf2 Nd7 19. a3 b3 20. cxb3 Nc5 21. Bc4
Bxc4 1/2-1/2

[Event "Championnat de France - Open C"]
[Site "Aix-les-Bains"]
[Date "????.??.??"]
[Round "6.10"]
[White "Gharagyozyan, Gor"]
[Black "Barbara, Thierry"]
[Result "1-0"]
[WhiteElo "1790"]
[BlackElo "1630"]
[PlyCount "164"]

1. e4 e6 2. d4 d5 3. Nd2 c5 4. Bb5+ Nc6 5. exd5 exd5 6. Qe2+ Qe7 7. dxc5 Qxe2+
8. Nxe2 Bxc5 9. Nb3 Bb6 10. Ned4 Nge7 11. O-O O-O 12. Be3 Ne5 13. c3 Bc7 14.
Bg5 N7g6 15. Nc5 h6 16. Bd2 Bb6 17. Nd3 Nxd3 18. Bxd3 Ne5 19. Be2 Bxd4 20. cxd4
Nc6 21. Bc3 Bf5 22. Bf3 Rad8 23. h3 b5 24. b4 Bd3 25. Rfe1 Bc4 26. a4 a6 27.
axb5 Bxb5 28. Bd1 Nb8 29. Bb3 Rd6 30. Re5 Bc6 31. b5 axb5 32. Bb4 Rdd8 33. Bxf8
Kxf8 34. Ra7 Nd7 35. Re1 Nf6 36. Rc7 Bd7 37. Re5 Be6 38. Rb7 Bc8 39. Rxb5 Be6
40. g4 Ne4 41. f3 Nd2 42. Kf2 Nc4 43. Bxc4 dxc4 44. d5 Bd7 45. Rc5 f6 46. Re4
Ba4 47. Rexc4 Bb3 48. Rd4 Ke7 49. Rb5 Bc2 50. Rb2 Bg6 51. Rb7+ Kf8 52. d6 Bf7
53. f4 g6 54. Re7 Be6 55. Ra7 Bd7 56. Ke3 f5 57. gxf5 Bxf5 58. h4 h5 59. Rc7
Re8+ 60. Kd2 Rd8 61. Kc3 Bd7 62. Kb4 Kf7 63. Re4 Kf6 64. Kc5 Kf5 65. Re7 Be6
66. d7 Bxd7 67. Rexd7 Rxd7 68. Rxd7 Kxf4 69. Rd4+ Kf5 70. Kc4 Ke6 71. Rf4 Ke5
72. Rf1 Ke4 73. Rf8 Ke5 74. Kd3 Ke6 75. Ke4 Ke7 76. Rf1 Ke6 77. Rf2 Ke7 78. Ke5
Ke8 79. Ke6 g5 80. hxg5 h4 81. g6 h3 82. g7 Kd8 1-0

[Event "Championnat de France - Open C"]
[Site "Aix-les-Bains"]
[Date "????.??.??"]
[Round "7.1"]
[White "Hadamard, Olivier"]
[Black "Bienaime, Pierre"]
[Result "1/2-1/2"]
[WhiteElo "1769"]
[BlackElo "1678"]
[PlyCount "66"]

1. d4 f5 2. Nc3 Nf6 3. Nf3 g6 4. Bg5 Bg7 5. e3 d5 6. Bxf6 Bxf6 7. h4 c6 8. Ne5
Nd7 9. f4 e6 10. g3 Nxe5 11. dxe5 Be7 12. Qd2 Bb4 13. Be2 h5 14. a3 Qa5 15. Kf2
Bxc3 16. bxc3 c5 17. Rhb1 c4 18. Rb4 Rb8 19. Qd4 Rh7 20. Qd1 Qc5 21. a4 Bd7 22.
Qd4 Qxd4 23. cxd4 b6 24. a5 b5 25. c3 a6 26. Ke1 Bc6 27. Kd2 Rhb7 28. Kc2 Ke7
29. Kb2 Be8 30. Ka3 Kd7 31. Rab1 Kc6 32. R4b2 Bf7 33. Kb4 Be8 1/2-1/2

[Event "Championnat de France - Open C"]
[Site "Aix-les-Bains"]
[Date "????.??.??"]
[Round "7.2"]
[White "Bellaiche, Elise"]
[Black "Dimart, Denis"]
[Result "0-1"]
[WhiteElo "1630"]
[BlackElo "1686"]
[PlyCount "78"]

1. e4 e5 2. Nf3 Nc6 3. Bc4 Nf6 4. d3 Be7 5. Nc3 O-O 6. d4 exd4 7. Nxd4 Nxd4 8.
Qxd4 d6 9. O-O b6 10. Bf4 Bb7 11. Rad1 Nh5 12. Bg3 Nxg3 13. hxg3 Bf6 14. Qe3
Bxc3 15. Qxc3 Bxe4 16. Rd4 Bg6 17. Bd5 Rb8 18. Rc4 c5 19. Rg4 Qd7 20. Rg5 Kh8
21. f3 Rbe8 22. Kh2 Qe7 23. f4 h6 24. Rg4 Qe2 25. Rh4 Qxf1 26. Rxh6+ Bh7 27.
Bc4 Qe1 28. Bd3 f5 29. Qxe1 Rxe1 30. Rh5 g6 31. Rh4 d5 32. b3 Rc8 33. c4 Rd1
34. Bc2 Rd2 35. Bb1 dxc4 36. bxc4 Rb2 37. Bd3 Rd8 38. Bxf5 gxf5 39. g4 Rdd2 0-1

[Event "Championnat de France - Open C"]
[Site "Aix-les-Bains"]
[Date "????.??.??"]
[Round "7.3"]
[White "Fahys, Bertrand"]
[Black "Pinel, Jeremy"]
[Result "0-1"]
[WhiteElo "1740"]
[BlackElo "1663"]
[PlyCount "28"]

1. e4 c5 2. Nf3 e6 3. d4 cxd4 4. Nxd4 Nc6 5. Nxc6 bxc6 6. b3 Qf6 7. c3 Bc5 8.
Qd2 Nh6 9. Bd3 Ng4 10. O-O Qh4 11. h3 h5 12. Qe2 Qg3 13. hxg4 hxg4 14. Bf4 Qxf4
0-1

[Event "Championnat de France - Open C"]
[Site "Aix-les-Bains"]
[Date "????.??.??"]
[Round "7.4"]
[White "Salgues, Michel"]
[Black "Vinogradov, Dimitri"]
[Result "0-1"]
[WhiteElo "1711"]
[BlackElo "1740"]
[PlyCount "62"]

1. e4 g6 2. d4 b6 3. Nf3 Bb7 4. Nc3 Bg7 5. e5 e6 6. Bg5 f6 7. Bh4 g5 8. Bg3 f5
9. h4 g4 10. Nd2 Nc6 11. Nb3 h5 12. Bc4 Qe7 13. O-O O-O-O 14. a4 Rf8 15. Ne2
Bh6 16. d5 exd5 17. Bxd5 f4 18. Bh2 Qxh4 19. a5 f3 20. Ng3 fxg2 21. Re1 Nge7
22. axb6 cxb6 23. Be4 Rxf2 24. Qd3 Rf3 25. Bxf3 gxf3 26. Qxf3 Nxe5 27. Qc3+
N7c6 28. Rxe5 Bg7 29. Re8+ Rxe8 30. Qxg7 Ne5 31. Nd2 Qd4# 0-1

[Event "Championnat de France - Open C"]
[Site "Aix-les-Bains"]
[Date "????.??.??"]
[Round "7.5"]
[White "Ravry, Kazoune"]
[Black "Houdeyer, Hendricks"]
[Result "0-1"]
[WhiteElo "1767"]
[BlackElo "1660"]
[PlyCount "70"]

1. d4 d5 2. Nf3 Nc6 3. e3 Bf5 4. a3 e6 5. c4 Nf6 6. Nc3 dxc4 7. Bxc4 Bd6 8. O-O
a6 9. b4 e5 10. Qb3 O-O 11. dxe5 Nxe5 12. Be2 c6 13. Nxe5 Bxe5 14. Bb2 Qc7 15.
h3 Rad8 16. Rad1 Ne4 17. Nxe4 Bxe4 18. Bxe5 Qxe5 19. Rxd8 Rxd8 20. Rd1 Rxd1+
21. Qxd1 Qd5 22. f3 Qxd1+ 23. Bxd1 Bd3 24. Kf2 Kf8 25. Be2 Bb5 26. Bxb5 axb5
27. Ke2 Ke7 28. Kd3 Kd6 29. g3 b6 30. f4 f5 31. g4 g6 32. gxf5 gxf5 33. e4
fxe4+ 34. Kxe4 Ke6 35. h4 h5 0-1

[Event "Championnat de France - Open C"]
[Site "Aix-les-Bains"]
[Date "????.??.??"]
[Round "7.6"]
[White "Bugnet, Jean-Francois"]
[Black "Gharagyozyan, Gor"]
[Result "1-0"]
[WhiteElo "1630"]
[BlackElo "1790"]
[PlyCount "92"]

1. e4 c5 2. Nf3 e6 3. d4 cxd4 4. Nxd4 Nc6 5. Be2 Nf6 6. Bf3 Be7 7. O-O Ne5 8.
Nc3 Nxf3+ 9. Qxf3 e5 10. Nf5 O-O 11. Bh6 g6 12. Nxe7+ Qxe7 13. Bg5 Qe6 14. Qxf6
d6 15. Qxe6 Bxe6 16. Nd5 Bxd5 17. exd5 f5 18. Be7 Rf7 19. Bxd6 Rd8 20. Bxe5
Rxd5 21. Bc3 a5 22. Rfe1 Rfd7 23. Kf1 a4 24. Bb4 Kg7 25. Re7+ Kf6 26. Rxd7 Rxd7
27. Ke2 Kg5 28. Rd1 Rc7 29. Rd2 Rc4 30. a3 Rg4 31. g3 Re4+ 32. Kf1 Kg4 33. Kg2
h5 34. f3+ Kg5 35. fxe4 fxe4 36. Re2 Kf5 37. Kf2 g5 38. Ke3 Kg4 39. Kxe4 b5 40.
Be7 b4 41. Bxg5 bxa3 42. bxa3 h4 43. gxh4 Kh3 44. h5 Kg4 45. h6 Kh5 46. h7 Kg6
1-0

[Event "Championnat de France - Open C"]
[Site "Aix-les-Bains"]
[Date "????.??.??"]
[Round "7.7"]
[White "Gelin, Baptiste"]
[Black "Pugin, Jean-Louis"]
[Result "1-0"]
[WhiteElo "1705"]
[BlackElo "1770"]
[PlyCount "113"]

1. e4 c5 2. Nf3 Nc6 3. Nc3 e6 4. Bb5 Nd4 5. e5 Nxb5 6. Nxb5 Qb6 7. Nc3 d5 8.
O-O Bd7 9. d3 Ne7 10. Bd2 Ng6 11. Re1 Qc7 12. Kh1 d4 13. Ne4 Bc6 14. Qe2 Be7
15. c3 dxc3 16. Bxc3 Nf4 17. Qd2 Nd5 18. Rac1 Nxc3 19. Qxc3 Bxe4 20. Rxe4 O-O
21. d4 b6 22. dxc5 Qxc5 23. Qd2 Qb5 24. Rec4 a5 25. Qc2 h6 26. Re1 Bc5 27. Rd1
Rad8 28. Rxd8 Rxd8 29. b3 Qd7 30. g3 Qd1+ 31. Qxd1 Rxd1+ 32. Kg2 Rb1 33. Rc2
Rd1 34. Nd2 Bd4 35. f4 g5 36. Ne4 gxf4 37. gxf4 Kg7 38. Kh3 Kg6 39. Nd6 Rg1 40.
Rc8 Bc5 41. Rg8+ Kh7 42. Rxg1 Bxg1 43. Nxf7 Kg6 44. Nd6 Be3 45. Kg4 h5+ 46. Kf3
Bg1 47. h3 Bh2 48. Ke4 Bg3 49. f5+ exf5+ 50. Nxf5 h4 51. Nxg3 hxg3 52. Kf3 Kf5
53. Kxg3 Kxe5 54. Kg4 Kf6 55. Kf4 b5 56. Ke4 a4 57. b4 1-0

[Event "Championnat de France - Open C"]
[Site "Aix-les-Bains"]
[Date "????.??.??"]
[Round "7.8"]
[White "Fontaine, Olivier"]
[Black "Della Ragione, Enzo"]
[Result "0-1"]
[WhiteElo "1760"]
[BlackElo "1592"]
[PlyCount "134"]

1. d4 Nf6 2. Nf3 g6 3. Nc3 Bg7 4. e4 d6 5. Be2 O-O 6. Bg5 Nbd7 7. Qd2 Re8 8.
O-O-O c5 9. d5 Ng4 10. Rdf1 Nde5 11. Nxe5 Nxe5 12. h4 h5 13. f3 a6 14. Rhg1 b5
15. g4 hxg4 16. fxg4 Qa5 17. a3 Nc4 18. Bxc4 bxc4 19. Rg3 Be5 20. Bf4 Bxc3 21.
Rxc3 Bxg4 22. Bh6 Qb5 23. Qf4 f5 24. h5 e5 25. Qg5 Bxh5 26. exf5 e4 27. Qf6 Qd7
28. fxg6 Qe7 29. Qf7+ Qxf7 30. gxf7+ Bxf7 31. Rg3+ Kh7 32. Rxf7+ Kxh6 33. Rf1
Re5 34. Rf6+ Kh5 35. Rf7 Rg5 36. Rxg5+ Kxg5 37. Rd7 Kf4 38. Rxd6 Ke3 39. Re6
Rf8 40. Kb1 Rf1+ 41. Ka2 Rd1 42. d6 Kf3 43. Rf6+ Ke2 44. b4 cxb4 45. axb4 e3
46. Re6 Kf2 47. Rf6+ Ke1 48. Kb2 e2 49. Kc3 Rd2 50. d7 Rxd7 51. Rh6 Kf2 52.
Rh2+ Kf1 53. Rh1+ Kg2 54. Ra1 Kf2 55. Kxc4 Rc7+ 56. Kd3 e1=Q 57. Rxe1 Kxe1 58.
c4 Rb7 59. Kc3 Ke2 60. c5 Ke3 61. Kc4 Ke4 62. c6 Rc7 63. Kc5 Ke5 64. Kb6 Kd6
65. Kxa6 Kxc6 66. b5+ Kc5 67. b6 Rc6 0-1

[Event "Championnat de France - Open C"]
[Site "Aix-les-Bains"]
[Date "????.??.??"]
[Round "7.9"]
[White "Monpeurt, Cyrielle"]
[Black "Annabi, Rachid"]
[Result "1-0"]
[WhiteElo "1750"]
[BlackElo "1533"]
[PlyCount "152"]

1. e4 e6 2. d4 d5 3. e5 f6 4. Nf3 Nc6 5. Bb5 Bd7 6. Nc3 a6 7. Ba4 Qe7 8. O-O
Qb4 9. a3 Qe7 10. Re1 Qf7 11. Be3 f5 12. Qd3 Be7 13. Ne2 b5 14. Bb3 h6 15. a4
Rb8 16. axb5 axb5 17. Nc3 Bd8 18. Bd2 Nce7 19. Ra6 b4 20. Nxd5 Bb5 21. Nxc7+
Bxc7 22. Bxe6 Qxe6 23. Rxe6 Bxd3 24. cxd3 Kf7 25. Ra6 Nd5 26. e6+ Ke7 27. Nh4
Rh7 28. Nxf5+ Ke8 29. Ra7 Ngf6 30. e7 g6 31. Nxh6 Bb6 32. Raa1 Bxd4 33. Rab1
Bc5 34. Bg5 Bxe7 35. Re6 Kf8 36. Rbe1 Rb7 37. h3 Kg7 38. Ng4 Ng8 39. Ne5 Bf6
40. Bxf6+ Ngxf6 41. Nf3 Rh8 42. R6e5 Rd8 43. d4 Rdd7 44. Rg5 Rd6 45. Nh4 Ne7
46. Rxe7+ Rxe7 47. Nf5+ Kh7 48. Nxe7 Ne4 49. Rg4 Nd2 50. d5 Rb6 51. Rf4 Nb3 52.
h4 Kg7 53. Rg4 Kf7 54. Nc8 Rb8 55. Nd6+ Kf6 56. Ne4+ Kf7 57. d6 Na5 58. d7 Nc6
59. Nc5 Rd8 60. Rg5 Kf6 61. Rd5 Nb8 62. Rd4 Ke5 63. Re4+ Kd5 64. Re8 Nc6 65.
Rxd8 Nxd8 66. Nd3 Kc4 67. Nxb4 Kxb4 68. Kh2 Kb3 69. Kg3 Kxb2 70. Kf4 Kc3 71.
Kg5 Kd4 72. Kxg6 Ke5 73. h5 Kd6 74. h6 Nf7 75. h7 Ne5+ 76. Kg7 Nxd7 1-0

[Event "Championnat de France - Open C"]
[Site "Aix-les-Bains"]
[Date "????.??.??"]
[Round "7.10"]
[White "Prieur, Axel"]
[Black "Belhachemi, Loic"]
[Result "1/2-1/2"]
[WhiteElo "1700"]
[BlackElo "1800"]
[PlyCount "55"]

1. d4 d5 2. Bf4 Nf6 3. e3 e6 4. Bd3 c5 5. c3 Nc6 6. Nf3 Be7 7. O-O O-O 8. b3 b6
9. Nbd2 Bb7 10. Qc2 Bd6 11. Bg5 h6 12. Bh4 e5 13. dxe5 Nxe5 14. Nxe5 Bxe5 15.
Rad1 Qd6 16. Nf3 Rfe8 17. Nxe5 Qxe5 18. Bg3 Qg5 19. Bf4 Qh5 20. Be2 Qh4 21. Bg3
Qe4 22. Bd3 Qg4 23. f3 Qe6 24. Rfe1 Rad8 25. Bc7 Ra8 26. Bg3 Rad8 27. Bc7 Ra8
28. Bg3 1/2-1/2

[Event "Championnat de France - Open C"]
[Site "Aix-les-Bains"]
[Date "????.??.??"]
[Round "8.1"]
[White "Dimart, Denis"]
[Black "Vinogradov, Dimitri"]
[Result "1-0"]
[WhiteElo "1686"]
[BlackElo "1740"]
[PlyCount "61"]

1. d4 g6 2. c4 Bg7 3. Nc3 e6 4. Nf3 d6 5. e4 Ne7 6. Be2 b6 7. O-O Nd7 8. Qc2
Bb7 9. Be3 h6 10. Rad1 g5 11. Nd2 e5 12. dxe5 Nxe5 13. Nf3 N7g6 14. Nd4 O-O 15.
Nf5 Nf4 16. Qd2 Nxe2+ 17. Qxe2 Ba6 18. b3 Nxc4 19. bxc4 Bxc3 20. Nxh6+ Kg7 21.
Rd5 Kxh6 22. Bxg5+ Qxg5 23. Rxg5 Kxg5 24. Qe3+ Kf6 25. Qxc3+ Ke7 26. e5 d5 27.
Qa3+ c5 28. Qxa6 d4 29. Qb7+ Ke6 30. Qd5+ Kf5 31. e6+ 1-0

[Event "Championnat de France - Open C"]
[Site "Aix-les-Bains"]
[Date "????.??.??"]
[Round "8.2"]
[White "Pinel, Jeremy"]
[Black "Hadamard, Olivier"]
[Result "1/2-1/2"]
[WhiteElo "1663"]
[BlackElo "1769"]
[PlyCount "100"]

1. e4 d5 2. exd5 Qxd5 3. d4 Nf6 4. Nf3 a6 5. c4 Qd8 6. b3 e6 7. a3 c5 8. Bb2
cxd4 9. Qxd4 Qxd4 10. Nxd4 Be7 11. Be2 O-O 12. Nd2 Rd8 13. N2f3 b6 14. O-O Bb7
15. Rfd1 Nbd7 16. b4 Rdc8 17. Rac1 Rc7 18. Nb3 Rac8 19. Ne5 Kf8 20. Rc2 g6 21.
Rcd2 Nb8 22. Bd4 Nfd7 23. Nxd7+ Nxd7 24. Be3 Ke8 25. f4 Bc6 26. c5 bxc5 27.
Bxa6 Rb8 28. Nxc5 Nxc5 29. Bxc5 Bxc5+ 30. bxc5 Ra8 31. Bf1 Rxa3 32. Rd6 Bd5 33.
Rc1 Ke7 34. Ra6 Rxa6 35. Bxa6 Ra7 36. Bd3 Kd7 37. Bb5+ Bc6 38. Bc4 Kc7 39. Kf2
Ra4 40. g3 Ra5 41. Bb3 Bd5 42. Bxd5 exd5 43. Ke3 Kc6 44. Kd4 f6 45. Re1 Ra4+
46. Kc3 Kxc5 47. Re7 Re4 48. Rc7+ Kd6 49. Rxh7 Ke6 50. Kd3 f5 1/2-1/2

[Event "Championnat de France - Open C"]
[Site "Aix-les-Bains"]
[Date "????.??.??"]
[Round "8.3"]
[White "Bienaime, Pierre"]
[Black "Houdeyer, Hendricks"]
[Result "1-0"]
[WhiteElo "1678"]
[BlackElo "1660"]
[PlyCount "73"]

1. d4 d5 2. c4 Nc6 3. e3 Nf6 4. Nc3 Bf5 5. cxd5 Nxd5 6. Bb5 Qd6 7. Qf3 Nxc3 8.
bxc3 Bd7 9. e4 e5 10. d5 Qc5 11. dxc6 bxc6 12. Ba4 Be6 13. Bb3 Bc4 14. Bxc4
Qxc4 15. Ne2 Bd6 16. O-O O-O 17. Ng3 f6 18. Nf5 Bc5 19. Qg4 g5 20. Be3 Bd6 21.
Nxd6 cxd6 22. Rfc1 Rf7 23. h4 h6 24. h5 f5 25. Qd1 f4 26. Bd2 Qxe4 27. Qc2 Qe2
28. Qg6+ Rg7 29. Qxd6 Qxh5 30. Qxe5 Re8 31. Qf5 Rf7 32. Qh3 Qe2 33. Re1 Qxd2
34. Rxe8+ Kg7 35. Rae1 f3 36. gxf3 Qxc3 37. R8e7 1-0

[Event "Championnat de France - Open C"]
[Site "Aix-les-Bains"]
[Date "????.??.??"]
[Round "8.4"]
[White "Bellaiche, Elise"]
[Black "Monpeurt, Cyrielle"]
[Result "1-0"]
[WhiteElo "1630"]
[BlackElo "1750"]
[PlyCount "85"]

1. e4 e5 2. Nf3 Nc6 3. Bc4 Bc5 4. c3 Nf6 5. d4 exd4 6. cxd4 Bb4+ 7. Nc3 Nxe4 8.
O-O Bxc3 9. d5 Bf6 10. Re1 Ne7 11. Rxe4 d6 12. Bg5 Bxg5 13. Nxg5 O-O 14. Nxh7
Kxh7 15. Qh5+ Kg8 16. Rh4 f6 17. Bd3 f5 18. Be2 Ng6 19. Qh7+ Kf7 20. Rh6 Qg5
21. Rxg6 Qxg6 22. Bh5 Qxh5 23. Qxh5+ Kg8 24. Re1 Bd7 25. h3 Rae8 26. Rxe8 Rxe8
27. Qf3 Re1+ 28. Kh2 Rb1 29. Qb3 b6 30. Qc3 Be8 31. Qxc7 Rxb2 32. Qxa7 Rxf2 33.
Qxb6 Rxa2 34. Qxd6 Rd2 35. Qe7 Bb5 36. Qe6+ Kh8 37. Qxf5 Bd3 38. Qf4 Rd1 39. d6
Bg6 40. Qh4+ Kg8 41. Qd8+ Kh7 42. d7 Bf5 43. Qh4+ 1-0

[Event "Championnat de France - Open C"]
[Site "Aix-les-Bains"]
[Date "????.??.??"]
[Round "8.5"]
[White "Della Ragione, Enzo"]
[Black "Gelin, Baptiste"]
[Result "1-0"]
[WhiteElo "1592"]
[BlackElo "1705"]
[PlyCount "55"]

1. c4 c5 2. Nc3 Nc6 3. g3 g6 4. Bg2 Bg7 5. Nf3 Nf6 6. O-O O-O 7. d3 d5 8. cxd5
Nxd5 9. Nxd5 Qxd5 10. Nd2 Qd8 11. Nc4 Bd7 12. Be3 b6 13. Qd2 Re8 14. Rab1 Qc8
15. Rfc1 Rb8 16. Bf4 Rb7 17. b4 cxb4 18. Rxb4 Qa8 19. Rbb1 Rc8 20. a4 e5 21.
Bh6 Qb8 22. Bxg7 Kxg7 23. a5 b5 24. a6 Rb6 25. Nxb6 Qxb6 26. Qb2 Rb8 27. Bxc6
Bxc6 28. Rxc6 1-0

[Event "Championnat de France - Open C"]
[Site "Aix-les-Bains"]
[Date "????.??.??"]
[Round "8.6"]
[White "Guilchard, Benjamin"]
[Black "Bugnet, Jean-Francois"]
[Result "1-0"]
[WhiteElo "1790"]
[BlackElo "1630"]
[PlyCount "88"]

1. e4 e5 2. Nf3 Nc6 3. Bb5 d6 4. O-O Nf6 5. Qe2 Bd7 6. c3 Be7 7. Rd1 O-O 8. d4
Qe8 9. d5 Nb8 10. Bd3 Bg4 11. Nbd2 Nbd7 12. Nf1 Nc5 13. Bc2 a6 14. Ng3 b5 15.
h3 Bd7 16. Nh2 Qb8 17. Nh5 Qd8 18. Nxf6+ Bxf6 19. Ng4 Bg5 20. Ne3 Qf6 21. Qh5
Qg6 22. Qxg6 hxg6 23. Bd2 f5 24. f3 a5 25. Rac1 fxe4 26. fxe4 Rad8 27. Nf1 Bxd2
28. Rxd2 Bc8 29. b4 axb4 30. cxb4 Na4 31. Bxa4 bxa4 32. Rxc7 Ba6 33. Ng3 Bc8
34. Ra7 Bd7 35. Rc2 Rc8 36. Rxc8 Bxc8 37. Rxa4 Bd7 38. Ra7 Bb5 39. a4 Bd3 40.
Rd7 Rf6 41. b5 Rf7 42. Rxd6 Ra7 43. b6 Rxa4 44. b7 Rb4 1-0

[Event "Championnat de France - Open C"]
[Site "Aix-les-Bains"]
[Date "????.??.??"]
[Round "8.7"]
[White "Perradin, Vincent"]
[Black "Raggini, Bernard"]
[Result "1-0"]
[WhiteElo "1780"]
[BlackElo "1736"]
[PlyCount "73"]

1. e4 e6 2. d4 d5 3. exd5 exd5 4. Bd3 Nf6 5. Ne2 Bd6 6. O-O O-O 7. Bf4 Nc6 8.
c3 Ne7 9. Bxd6 Qxd6 10. Ng3 Bg4 11. Qc2 Rae8 12. h3 Bd7 13. Nd2 Ng6 14. Nf3 Qf4
15. Ne2 Qd6 16. Ng3 Qf4 17. Ne2 Qh6 18. Rfe1 Nf4 19. Nxf4 Qxf4 20. Ne5 Be6 21.
Re3 h6 22. Rae1 Nh5 23. Ng6 fxg6 24. Rxe6 Rxe6 25. Rxe6 g5 26. Re5 Nf6 27. Bg6
g4 28. g3 Qf3 29. Re3 Qxe3 30. fxe3 gxh3 31. Kh2 Ng4+ 32. Kxh3 Nxe3 33. Qe2 Nc4
34. Qe6+ Kh8 35. Qxd5 Nd6 36. Qc5 Rf6 37. Bd3 1-0

[Event "Championnat de France - Open C"]
[Site "Aix-les-Bains"]
[Date "????.??.??"]
[Round "8.8"]
[White "Fahys, Bertrand"]
[Black "Benmesbah, Sarah"]
[Result "1-0"]
[WhiteElo "1740"]
[BlackElo "1774"]
[PlyCount "83"]

1. e4 d5 2. exd5 Nf6 3. Bb5+ Bd7 4. Be2 g6 5. d4 Nxd5 6. Nf3 Bg7 7. c4 Nb6 8.
Qb3 a5 9. Nc3 a4 10. Qd1 Bf5 11. c5 Nd5 12. a3 c6 13. O-O b5 14. Nh4 e6 15.
Nxf5 exf5 16. Bf3 Nxc3 17. bxc3 O-O 18. Bf4 Ra6 19. Bxb8 Qxb8 20. Qd3 Rd8 21.
Rfe1 Bf6 22. Qe3 Bg7 23. Qd3 Bf8 24. Qc2 Qc7 25. Rab1 Raa8 26. Re2 Re8 27. g3
Re6 28. Rxe6 fxe6 29. Rxb5 cxb5 30. Bxa8 Qc8 31. Bg2 e5 32. Qa2+ Kh8 33. Qd5
Qc7 34. Bf1 exd4 35. cxd4 Qb8 36. Qd7 b4 37. Qxa4 b3 38. Bb5 b2 39. Qb3 Bxc5
40. Qxb2 Bxa3 41. Qxa3 Qxb5 42. Qf8# 1-0

[Event "Championnat de France - Open C"]
[Site "Aix-les-Bains"]
[Date "????.??.??"]
[Round "8.10"]
[White "Salgues, Michel"]
[Black "Corbeau, Jean-Philippe"]
[Result "1-0"]
[WhiteElo "1711"]
[BlackElo "1740"]
[PlyCount "87"]

1. c4 e6 2. g3 c6 3. Nf3 d5 4. b3 Nf6 5. Bb2 Be7 6. Bg2 dxc4 7. bxc4 O-O 8. O-O
Nbd7 9. Nc3 Qc7 10. Rc1 Rd8 11. Qc2 a6 12. d4 Nb6 13. Ne4 Nbd7 14. Nxf6+ Nxf6
15. e4 Bd7 16. e5 Ne8 17. Rfe1 Rac8 18. Qd2 Qb6 19. c5 Qa7 20. Ba3 Nc7 21. Bb4
Nd5 22. Ba5 Re8 23. Rb1 Bd8 24. Bxd8 Rexd8 25. Ng5 h6 26. Ne4 Rc7 27. Nd6 Rb8
28. Bxd5 exd5 29. Qa5 Rbc8 30. Rb3 Bh3 31. Reb1 Qa8 32. Qe1 Rb8 33. Rb6 Re7 34.
Qe2 f6 35. Qh5 Be6 36. exf6 Bf7 37. Qf3 gxf6 38. Qxf6 Rd7 39. Qxh6 Rf8 40. Qg5+
Kh7 41. Qf5+ Bg6 42. Qxd7+ Kh6 43. Qh3+ Kg7 44. Rxb7+ 1-0

[Event "Championnat de France - Open C"]
[Site "Aix-les-Bains"]
[Date "????.??.??"]
[Round "9.1"]
[White "Bienaime, Pierre"]
[Black "Dimart, Denis"]
[Result "1/2-1/2"]
[WhiteElo "1678"]
[BlackElo "1686"]
[PlyCount "86"]

1. Nf3 d5 2. b4 Nf6 3. Bb2 Nbd7 4. e3 e6 5. b5 Bd6 6. d4 c5 7. c4 cxd4 8. exd4
dxc4 9. Bxc4 O-O 10. O-O Nb6 11. Bd3 Nbd5 12. Nc3 b6 13. Ne5 Bb7 14. Nxd5 Bxd5
15. Qe2 Rc8 16. Rfc1 Qe7 17. Nc4 Rfd8 18. Nxd6 Qxd6 19. h3 Qf4 20. Qe3 Qh4 21.
Rxc8 Rxc8 22. Rc1 Ra8 23. a3 h6 24. Bc3 Ne4 25. Bb4 f5 26. Bxe4 Bxe4 27. Rc7
Qf6 28. Bd6 Qg6 29. Qg3 Qxg3 30. Bxg3 Rf8 31. Be5 Rf7 32. Rxf7 Kxf7 33. Bb8 Bd3
34. Bxa7 Bxb5 35. Bxb6 Ke8 36. f3 h5 37. Bc5 Kd7 38. Kf2 Kc6 39. f4 Kd5 40. Ke3
Bf1 41. Kf2 Bb5 42. Kf3 g6 43. g3 Ba4 1/2-1/2

[Event "Championnat de France - Open C"]
[Site "Aix-les-Bains"]
[Date "????.??.??"]
[Round "9.2"]
[White "Hadamard, Olivier"]
[Black "Bellaiche, Elise"]
[Result "1-0"]
[WhiteElo "1769"]
[BlackElo "1630"]
[PlyCount "45"]

1. d4 Nf6 2. c4 g6 3. Nc3 Bg7 4. e4 d6 5. Be2 Nbd7 6. f4 c5 7. e5 dxe5 8. dxe5
Ng8 9. Nf3 f6 10. Qa4 Kf8 11. O-O b6 12. Be3 Qe8 13. Rad1 Nb8 14. Qc2 f5 15.
Rd2 Bb7 16. Rfd1 Nc6 17. a3 Rd8 18. Nb5 Rxd2 19. Qxd2 Qc8 20. Nxa7 Nxa7 21.
Qd8+ Qxd8 22. Rxd8+ Kf7 23. Ng5# 1-0

[Event "Championnat de France - Open C"]
[Site "Aix-les-Bains"]
[Date "????.??.??"]
[Round "9.3"]
[White "Della Ragione, Enzo"]
[Black "Pinel, Jeremy"]
[Result "0-1"]
[WhiteElo "1592"]
[BlackElo "1663"]
[PlyCount "116"]

1. c4 Nf6 2. Nc3 e6 3. g3 d5 4. cxd5 exd5 5. d4 b6 6. Bg2 Bb7 7. Nf3 Nbd7 8.
O-O Be7 9. Bf4 Rc8 10. Rc1 a6 11. a3 O-O 12. b4 Ne4 13. Bh3 f5 14. Nxe4 dxe4
15. Qb3+ Kh8 16. Ne5 Nxe5 17. Bxe5 Bd5 18. Qe3 c6 19. Rc3 b5 20. Bg2 a5 21.
bxa5 Ra8 22. f3 Bg5 23. Bf4 Bxf4 24. Qxf4 Qxa5 25. Re3 Rf7 26. Qd6 Qd2 27. Qf4
Qxd4 28. Kh1 h6 29. Rd3 Qb2 30. Qd2 Qxd2 31. Rxd2 exf3 32. Bxf3 Bxf3+ 33. Rxf3
Rfa7 34. Rc2 Rc7 35. Rcc3 g6 36. Rfe3 Kg7 37. Kg2 Kf6 38. Kf3 Rd8 39. Rb3 Rd4
40. Rb4 Rxb4 41. axb4 c5 42. bxc5 Rxc5 43. Rb3 Ke5 44. Ke3 Rd5 45. Rc3 Kd6 46.
h3 b4 47. Rc4 Rb5 48. Kd4 b3 49. Rc1 b2 50. Rb1 Ke6 51. Kc3 Ke5 52. Rxb2 Rxb2
53. Kxb2 Ke4 54. Kc2 Ke3 55. Kd1 Kf2 56. g4 f4 57. h4 Kg3 58. h5 g5 0-1

[Event "Championnat de France - Open C"]
[Site "Aix-les-Bains"]
[Date "????.??.??"]
[Round "9.4"]
[White "Vinogradov, Dimitri"]
[Black "Guilchard, Benjamin"]
[Result "1-0"]
[WhiteElo "1740"]
[BlackElo "1790"]
[PlyCount "35"]

1. e4 c5 2. Nf3 d6 3. d4 cxd4 4. Nxd4 Nf6 5. Nc3 a6 6. Bg5 e6 7. Bd3 Be7 8. O-O
Nxe4 9. Nxe4 Bxg5 10. f4 Be7 11. Kh1 Nd7 12. f5 e5 13. Ne6 Qb6 14. Nxg7+ Kd8
15. f6 Bf8 16. Ng5 Kc7 17. Nxf7 Rg8 18. Ne8+ 1-0